ISOLATION AND CHARACTERIZATION OF PHYTOCHEMICALS FROM THE AERIAL OF VERNONIA AURICULIFERA HIERN (ASTERACEAE) WITH POTENTIAL ANTIBACTERIAL PRINCIPLES (Record no. 207724)
[ view plain ]
| 000 -LEADER | |
|---|---|
| fixed length control field | 00461nam a22001217a 4500 |
| 008 - FIXED-LENGTH DATA ELEMENTS--GENERAL INFORMATION | |
| fixed length control field | 231016b |||||||| |||| 00| 0 eng d |
| 100 ## - MAIN ENTRY--PERSONAL NAME | |
| Personal name | CLARA JEPKOECH |
| 245 ## - TITLE STATEMENT | |
| Title | ISOLATION AND CHARACTERIZATION OF PHYTOCHEMICALS FROM THE AERIAL OF VERNONIA AURICULIFERA HIERN (ASTERACEAE) WITH POTENTIAL ANTIBACTERIAL PRINCIPLES |
| 300 ## - PHYSICAL DESCRIPTION | |
| Extent | XV11,115P |
| 500 ## - GENERAL NOTE | |
| General note | INCLUDES BIBLIOGRAPHY AND INDEXES |
| 650 ## - SUBJECT ADDED ENTRY | |
| Topical term or geographic name entry element | 1. MEDICINAL PLANTS 2. PHYTOCHEMICALS |
| 942 ## - ADDED ENTRY ELEMENTS (KOHA) | |
| Source of classification or shelving scheme | Library of Congress Classification |
| Koha item type | Reference |
| Withdrawn status | Lost status | Source of classification or shelving scheme | Damaged status | Not for loan | Home library | Current library | Date acquired | Inventory number | Total checkouts | Full call number | Barcode | Date last seen | Copy number | Price effective from | Koha item type |
|---|---|---|---|---|---|---|---|---|---|---|---|---|---|---|---|
| Library of Congress Classification | Kisii University Library | Kisii University Library | 10/16/2023 | 101761 | THE QK 861 .J 47 2022 | 000000002402 | 10/16/2023 | 1 | 10/16/2023 | Reference |